[Event "Las Palmas-D"]
[Site "Las Palmas"]
[Date "1994.??.??"]
[Round "?"]
[White "Bjelica, Kostadin"]
[Black "Reyes Larena, Juan"]
[Result "0-1"]
[WhiteElo "2125"]
[BlackElo "2430"]
[PlyCount "88"]
[EventDate "1994.??.??"]
[EventType "tourn"]
[EventRounds "9"]
[EventCountry "ESP"]
[EventCategory "3"]
[SourceTitle "EXT 1997"]
[Source "ChessBase"]
[SourceDate "1996.11.15"]
[SourceVersion "1"]
[SourceVersionDate "1996.11.15"]
[SourceQuality "1"]

1. c4 Nf6 2. d4 g6 3. Nc3 Bg7 4. e4 d6 5. Bd3 0-0 6. Nge2 e5 7. d5 c6 8. 0-0 cxd5 9. cxd5 Nbd7 10. h3 Nc5 11. Bc2 a5 12. Be3 Bd7 13. Qd2 b5 14. Ng3 b4 15. Nce2 h5 16. Bg5 Qb6 17. Kh2 Nh7 18. Bh6 h4 19. Nh1 Bxh6 20. Qxh6 Bb5 21. Qe3 Rac8 22. Rac1 Nd7 23. Qd2 Qa6 24. Rfe1 Bxe2 25. Rxe2 Qc4 26. Rf1 Qxa2 27. Bb1 Qc4 28. Ree1 a4 29. f4 a3 30. bxa3 bxa3 31. Rf3 Ra8 32. Ba2 Qd4 33. Qf2 Qxf2 34. Nxf2 Rfc8 35. Re2 exf4 36. Rxf4 g5 37. Rf5 Ne5 38. Ng4 Nxg4+ 39. hxg4 f6 40. Rf3 Kg7 41. Ree3 Rc2 42. Bb3 Rb2 43. Rf1 a2 44. Ra1 Ra3 0-1

[Event "Las Palmas-D"]
[Site "Las Palmas"]
[Date "1994.??.??"]
[Round "?"]
[White "Gonzalez Intelangelo, Gerardo"]
[Black "Bjelica, Kostadin"]
[Result "1/2-1/2"]
[WhiteElo "2285"]
[BlackElo "2125"]
[PlyCount "24"]
[EventDate "1994.??.??"]
[EventType "tourn"]
[EventRounds "9"]
[EventCountry "ESP"]
[EventCategory "3"]
[SourceTitle "EXT 1997"]
[Source "ChessBase"]
[SourceDate "1996.11.15"]
[SourceVersion "1"]
[SourceVersionDate "1996.11.15"]
[SourceQuality "1"]

1. d4 f5 2. g3 Nf6 3. Bg2 e6 4. Nf3 Be7 5. 0-0 0-0 6. c4 d6 7. b3 Qe8 8. Bb2 Nbd7 9. Nbd2 Qh5 10. Qc2 g5 11. e4 g4 12. Ne1 e5 1/2-1/2

[Event "Las Palmas-D"]
[Site "Las Palmas"]
[Date "1994.??.??"]
[Round "?"]
[White "Sanchez, Raul"]
[Black "Bjelica, Kostadin"]
[Result "1/2-1/2"]
[WhiteElo "2315"]
[BlackElo "2125"]
[PlyCount "21"]
[EventDate "1994.??.??"]
[EventType "tourn"]
[EventRounds "9"]
[EventCountry "ESP"]
[EventCategory "3"]
[SourceTitle "EXT 1997"]
[Source "ChessBase"]
[SourceDate "1996.11.15"]
[SourceVersion "1"]
[SourceVersionDate "1996.11.15"]
[SourceQuality "1"]

1. e4 c5 2. Nf3 e6 3. d4 cxd4 4. Nxd4 a6 5. Bd3 Qc7 6. 0-0 Nf6 7. Kh1 e5 8. Nb3 Nc6 9. Nc3 d6 10. f4 Be7 11. a3 1/2-1/2

[Event "Vrbas"]
[Site "Vrbas"]
[Date "1993.??.??"]
[Round "8"]
[White "Bjelica, Kostadin"]
[Black "Cabarkapa, Spasoje"]
[Result "1/2-1/2"]
[WhiteElo "2110"]
[BlackElo "2310"]
[PlyCount "99"]
[EventDate "1993.??.??"]
[EventType "tourn"]
[EventRounds "11"]
[EventCountry "YUG"]
[EventCategory "5"]
[SourceTitle "EXT 2002"]
[Source "ChessBase"]
[SourceDate "2001.11.25"]
[SourceVersion "1"]
[SourceVersionDate "2001.11.25"]
[SourceQuality "1"]

1. e4 c5 2. Nf3 Nc6 3. d4 cxd4 4. Nxd4 Nf6 5. Nc3 e6 6. Nxc6 bxc6 7. e5 Nd5 8. Nxd5 cxd5 9. Bd3 d6 10. Qe2 Be7 11. 0-0 dxe5 12. Qxe5 0-0 13. c4 Bd6 14. Qe2 Bb7 15. cxd5 Bxd5 16. Bd2 Qb8 17. Bc3 Bxh2+ 18. Kh1 Bf4 19. Be4 Rd8 20. Rfd1 Bxe4 21. Qxe4 Qc7 22. Qa4 e5 23. Ba5 Rxd1+ 24. Rxd1 Qc5 25. g3 Bg5 26. Kg2 h6 27. Qe4 Rc8 28. Rd5 Qc2 29. Rxe5 Qxb2 30. Re8+ Rxe8 31. Qxe8+ Kh7 32. Qxf7 Bf6 33. Qb3 Qd4 34. Qc2+ Kg8 35. Bd2 Qd5+ 36. Kg1 Kf7 37. Be3 a5 38. Bb6 Qb5 39. Qb3+ Qxb3 40. axb3 Bc3 41. Kf1 Ke6 42. Ke2 Kd5 43. Kd3 Be1 44. g4 g6 45. f3 h5 46. gxh5 gxh5 47. Ke2 Bb4 48. Kf1 Ke5 49. Kg2 Kf4 50. Kh3 1/2-1/2

[Event "Vrbas"]
[Site "Vrbas"]
[Date "1993.??.??"]
[Round "3"]
[White "Bjelica, Kostadin"]
[Black "Cvetkovic, Srdjan"]
[Result "0-1"]
[WhiteElo "2110"]
[BlackElo "2500"]
[PlyCount "78"]
[EventDate "1993.??.??"]
[EventType "tourn"]
[EventRounds "11"]
[EventCountry "YUG"]
[EventCategory "5"]
[SourceTitle "EXT 2002"]
[Source "ChessBase"]
[SourceDate "2001.11.25"]
[SourceVersion "1"]
[SourceVersionDate "2001.11.25"]
[SourceQuality "1"]

1. e4 c5 2. Nf3 e6 3. d4 cxd4 4. Nxd4 Nf6 5. Bd3 Nc6 6. Be3 d5 7. Nd2 Ne5 8. Bb5+ Bd7 9. Bg5 Bxb5 10. Nxb5 Qa5 11. Bxf6 gxf6 12. Qe2 Nc4 13. exd5 Nxd2 14. Nc3 Bh6 15. Qh5 Ne4 16. Qxh6 Nxc3 17. Qd2 0-0-0 18. Qxc3+ Qxc3+ 19. bxc3 Rxd5 20. Rd1 Ra5 21. Rd3 Rxa2 22. Kd2 Rd8 23. Rxd8+ Kxd8 24. Rb1 b6 25. Rb4 Ra5 26. Rh4 h5 27. g4 hxg4 28. Rxg4 Rf5 29. Ke2 Rh5 30. h4 a5 31. Rg8+ Kd7 32. Rg7 Ke7 33. Rg4 b5 34. Kd1 e5 35. c4 f5 36. Rg3 Rxh4 37. cxb5 Rb4 38. c4 Rxc4 39. Ra3 a4 0-1

[Event "Vrbas"]
[Site "Vrbas"]
[Date "1993.??.??"]
[Round "9"]
[White "Tringov, Georgi Petrov"]
[Black "Bjelica, Kostadin"]
[Result "1-0"]
[WhiteElo "2420"]
[BlackElo "2110"]
[PlyCount "77"]
[EventDate "1993.??.??"]
[EventType "tourn"]
[EventRounds "11"]
[EventCountry "YUG"]
[EventCategory "5"]
[SourceTitle "EXT 2002"]
[Source "ChessBase"]
[SourceDate "2001.11.25"]
[SourceVersion "1"]
[SourceVersionDate "2001.11.25"]
[SourceQuality "1"]

1. e4 c5 2. Nf3 Nc6 3. d3 Qc7 4. g3 e6 5. Bg2 a6 6. 0-0 Be7 7. Re1 d6 8. c3 Nf6 9. d4 e5 10. d5 Nb8 11. a4 b6 12. Nbd2 Ra7 13. Bf1 0-0 14. b4 Bd7 15. bxc5 bxc5 16. h3 Ne8 17. Nc4 Rb7 18. Nh2 f5 19. exf5 Bxf5 20. f4 exf4 21. Bxf4 g5 22. Bd2 Qc8 23. g4 Bg6 24. Bg2 Qd8 25. Be3 Bf6 26. Qd2 h6 27. Bf2 Rb3 28. Rac1 Nd7 29. Bg3 Nb6 30. Na5 Ra3 31. Nc6 Qc7 32. a5 Na4 33. Re3 Qg7 34. c4 Bc3 35. Qe2 Bd4 36. Nxd4 Qxd4 37. Bf2 Rxe3 38. Qxe3 Nc3 39. Qe1 1-0